00654 2200181 4500245004500000020002200045250001100067100002100078700001800099650004300117005001900160260004200179041001400221084000800235300002300243500019700266336000900463 aCari Gara - GaracYoung, ElizabethhText a978-979-22-2003-2 aCet. 3 aYoung, Elizabeth aNur Anggraini aFiksi Inggris (dalam Bahasa Indonesia) a20231012132505 aJakartabGramedia Pustaka Utamac2007 aIndonesia a823 a504 hlm. :c18 cm. aJudul asli : Asking for Trouble Sophy sedang menikmati masa lajangnya dan belum pingin punya pacar baru. namun demi menghentikan rongrongan ibunya,ia mengaku sudah punya pacar bernama Dominic. atext